[Event "CRO-ch"]
[Site "Zagreb"]
[Date "2023.12.11"]
[Round "9"]
[White "Bukal, Vladimir Jr"]
[Black "Rezan, Sasa"]
[Result "1-0"]
[WhiteElo "2337"]
[BlackElo "2406"]
[PlyCount "49"]
[EventDate "2023.12.05"]
[EventType "tourn"]
[EventRounds "11"]
[EventCountry "CRO"]
[EventCategory "9"]
[SourceTitle "CB51_2023"]
[SourceDate "2023.12.20"]
[SourceVersion "1"]
[SourceVersionDate "2023.12.20"]
[SourceQuality "1"]

1. d4 d5 2. c4 e6 3. Nf3 Nf6 4. g3 Be7 5. Bg2 0-0 6. Nc3 dxc4 7. Ne5 Qd6 8. 0-0 Qa6 9. a4 Bd7 10. e4 Rd8 11. Nxf7 Kxf7 12. e5 Ng8 13. Qf3+ Ke8 14. Qh5+ Kf8 15. Qf3+ Ke8 16. d5 Qa5 17. Qg4 Kf7 18. Qh5+ Kf8 19. Re1 Bb4 20. Bg5 Ne7 21. Qxh7 Re8 22. Bh3 Bxc3 23. bxc3 Qxd5 24. Rad1 Qc6 25. Bf6 1-0

[Event "CRO-ch"]
[Site "Zagreb"]
[Date "2023.12.05"]
[Round "1"]
[White "Kovacevic, Blazimir"]
[Black "Rezan, Sasa"]
[Result "0-1"]
[WhiteElo "2400"]
[BlackElo "2406"]
[PlyCount "116"]
[EventDate "2023.12.05"]
[EventType "tourn"]
[EventRounds "11"]
[EventCountry "CRO"]
[EventCategory "9"]
[SourceTitle "CB51_2023"]
[SourceDate "2023.12.20"]
[SourceVersion "1"]
[SourceVersionDate "2023.12.20"]
[SourceQuality "1"]

1. d4 d5 2. Nf3 Nf6 3. c4 e6 4. Bg5 dxc4 5. Qa4+ Nbd7 6. e3 Be7 7. Bxc4 0-0 8. 0-0 a6 9. Qc2 c5 10. dxc5 Bxc5 11. Nbd2 h6 12. Bxf6 Qxf6 13. Ne4 Qe7 14. Rac1 b6 15. a3 Bb7 16. b4 Bxe4 17. Qxe4 Nf6 18. Qd3 Rfd8 19. Qb3 Bd6 20. Nd4 Rdc8 21. Be2 Ne4 22. Rxc8+ Rxc8 23. Qd3 Nc3 24. Qxa6 Qc7 25. g3 Be5 26. Bf3 Bxd4 27. exd4 Rd8 28. Qd3 Nd5 29. Rd1 Nf6 30. Qb3 b5 31. Qb2 Rc8 32. Kg2 g5 33. h3 Qc4 34. Qe2 Nd5 35. Qxc4 bxc4 36. Rc1 Nb6 37. Kf1 Rd8 38. Bc6 Rd6 39. Bb5 Rxd4 40. a4 c3 41. Rxc3 Rxb4 42. Ra3 Kf8 43. Ke2 Ke7 44. Kd1 Kd6 45. Kc2 Kc5 46. Rc3+ Kd4 47. Rb3 Kc5 48. Rxb4 Kxb4 49. Kd3 Nxa4 50. Bxa4 Kxa4 51. Kd4 Kb3 52. Ke5 Kc3 53. Kf6 Kd3 54. Kxf7 e5 55. Kf6 Ke2 56. h4 Kxf2 57. hxg5 hxg5 58. Kxg5 e4 0-1

[Event "CRO-chT1B 30th"]
[Site "Porec"]
[Date "2022.09.30"]
[Round "7.33"]
[White "Rezan, Sasa"]
[Black "Bukal, Vladimir Jr"]
[Result "1/2-1/2"]
[WhiteElo "2388"]
[BlackElo "2411"]
[PlyCount "29"]
[EventDate "2022.09.24"]
[EventType "team-tourn"]
[EventRounds "9"]
[EventCountry "CRO"]
[SourceTitle "CBM 210 Extra"]
[Source "ChessBase"]
[SourceDate "2022.11.30"]
[SourceVersion "1"]
[SourceVersionDate "2022.11.30"]
[SourceQuality "1"]
[WhiteTeam "Bibinje Goran"]
[BlackTeam "Zagreb Mladost"]
[WhiteTeamCountry "CRO"]
[BlackTeamCountry "CRO"]

1. d4 Nf6 2. c4 e6 3. Nf3 a6 4. Nc3 d5 5. c5 Nc6 6. Bf4 Ne4 7. h3 g5 8. Bh2 Bg7 9. e3 0-0 10. Nxe4 dxe4 11. Ne5 Nb4 12. a3 Nd5 13. Qc2 f6 14. Nc4 b5 15. Na5 1/2-1/2

[Event "Zadar op-A 26th"]
[Site "Zadar"]
[Date "2019.12.22"]
[Round "9"]
[White "Ly, Dominik"]
[Black "Rezan, Sasa"]
[Result "1/2-1/2"]
[WhiteElo "2220"]
[BlackElo "2415"]
[PlyCount "62"]
[EventDate "2019.12.15"]
[EventType "swiss"]
[EventRounds "9"]
[EventCountry "CRO"]
[SourceTitle "CBM 193 Extra"]
[Source "ChessBase"]
[SourceDate "2020.01.31"]
[SourceVersion "1"]
[SourceVersionDate "2020.01.31"]
[SourceQuality "1"]

1. Nf3 Nf6 2. c4 e6 3. Nc3 d5 4. e3 dxc4 5. Bxc4 a6 6. a4 c5 7. 0-0 Nc6 8. d4 Be7 9. Qe2 cxd4 10. Rd1 e5 11. exd4 exd4 12. Nxd4 Nxd4 13. Qe5 Qd6 14. Qxd6 Bxd6 15. Rxd4 Bc5 16. Rd1 0-0 17. h3 Be6 18. Bxe6 fxe6 19. Re1 Rad8 20. Be3 Bb4 21. Rad1 Rxd1 22. Rxd1 Bxc3 23. bxc3 Nd5 24. Bd4 Rc8 25. Rc1 Rc4 26. a5 Nc7 27. Be5 Rc5 28. Bd6 Rc6 29. Be5 Rc5 30. Bd6 Rc6 31. Be5 Rc5 1/2-1/2

[Event "Zadar op-A 26th"]
[Site "Zadar"]
[Date "2019.12.20"]
[Round "7"]
[White "Chan, Kim Yew"]
[Black "Rezan, Sasa"]
[Result "1-0"]
[WhiteElo "2245"]
[BlackElo "2415"]
[PlyCount "79"]
[EventDate "2019.12.15"]
[EventType "swiss"]
[EventRounds "9"]
[EventCountry "CRO"]
[SourceTitle "CBM 193 Extra"]
[Source "ChessBase"]
[SourceDate "2020.01.31"]
[SourceVersion "1"]
[SourceVersionDate "2020.01.31"]
[SourceQuality "1"]

1. Nf3 c5 2. c4 g6 3. e4 Bg7 4. d4 cxd4 5. Nxd4 Nc6 6. Be3 Qb6 7. Nb3 Qd8 8. Nd4 Qb6 9. Nb3 Qc7 10. Qd2 Nf6 11. Nc3 0-0 12. Rc1 d6 13. Be2 Qb8 14. f3 b6 15. Nd5 Re8 16. 0-0 Bb7 17. Rfd1 Nd7 18. Bf1 Nc5 19. Na1 e6 20. Nf4 e5 21. Ne2 f5 22. exf5 gxf5 23. Bh6 Qc7 24. Ng3 f4 25. Nf5 Bxh6 26. Nxh6+ Kf8 27. Nf5 Red8 28. b4 Ne6 29. Nb3 Ng7 30. Nxd6 Nf5 31. c5 bxc5 32. bxc5 Ncd4 33. Nxd4 Nxd4 34. Qf2 Qg7 35. Kh1 Bc6 36. Bc4 Rab8 37. Rxd4 exd4 38. Qh4 Qg6 39. Qxf4+ Kg7 40. Nf5+ 1-0

[Event "Zadar op-A 26th"]
[Site "Zadar"]
[Date "2019.12.18"]
[Round "5"]
[White "Dev, Shah"]
[Black "Rezan, Sasa"]
[Result "1-0"]
[WhiteElo "2242"]
[BlackElo "2415"]
[PlyCount "63"]
[EventDate "2019.12.15"]
[EventType "swiss"]
[EventRounds "9"]
[EventCountry "CRO"]
[SourceTitle "CBM 193 Extra"]
[Source "ChessBase"]
[SourceDate "2020.01.31"]
[SourceVersion "1"]
[SourceVersionDate "2020.01.31"]
[SourceQuality "1"]

1. d4 Nf6 2. c4 e6 3. Nc3 Bb4 4. e3 0-0 5. Nge2 d5 6. a3 Bd6 7. Ng3 c6 8. Bd3 e5 9. cxd5 cxd5 10. Nb5 Bg4 11. f3 e4 12. Nxd6 Qxd6 13. fxg4 exd3 14. Qxd3 Nxg4 15. 0-0 Nc6 16. Rf4 Nh6 17. Bd2 Rae8 18. Raf1 Re6 19. Bc3 Rfe8 20. R1f3 a6 21. Rh4 Qe7 22. Rh5 Qd8 23. Nf5 Nxf5 24. Qxf5 h6 25. Qxf7+ Kh8 26. Qxb7 R8e7 27. Qb3 Rxe3 28. Qxd5 Qe8 29. Rhf5 Rxf3 30. Qxf3 Kh7 31. Rf8 Qg6 32. Qf5 1-0

[Event "CRO-chT1B 28th"]
[Site "Mali Losinj"]
[Date "2019.10.04"]
[Round "7.32"]
[White "Bogut, Zeljko"]
[Black "Rezan, Sasa"]
[Result "1-0"]
[WhiteElo "2386"]
[BlackElo "2432"]
[PlyCount "49"]
[EventDate "2019.09.28"]
[EventType "team-tourn"]
[EventRounds "9"]
[EventCountry "CRO"]
[SourceTitle "EXT 2020"]
[Source "ChessBase"]
[SourceDate "2019.10.17"]
[SourceVersion "1"]
[SourceVersionDate "2019.10.17"]
[SourceQuality "1"]
[WhiteTeam "Dubrovnik"]
[BlackTeam "Bibinje Goran"]
[WhiteTeamCountry "CRO"]
[BlackTeamCountry "CRO"]

1. e4 c5 2. Nf3 e6 3. c4 Nc6 4. Nc3 Nd4 5. d3 Ne7 6. Nxd4 cxd4 7. Ne2 Nc6 8. a3 a5 9. g3 a4 10. Bg2 b5 11. e5 Ba6 12. 0-0 bxc4 13. dxc4 Bxc4 14. Nxd4 Nxd4 15. Qxd4 Bxf1 16. Bxa8 Qxa8 17. Kxf1 Qc6 18. Kg1 Bc5 19. Qg4 Qb6 20. Qxg7 Bxf2+ 21. Kg2 Rf8 22. Bh6 Bc5 23. Rc1 Qxb2+ 24. Kh3 Qe2 25. Qxf8+ 1-0

[Event "CRO-chT1B 28th"]
[Site "Mali Losinj"]
[Date "2019.10.03"]
[Round "6.32"]
[White "Rezan, Sasa"]
[Black "Doric, Darko"]
[Result "1/2-1/2"]
[WhiteElo "2432"]
[BlackElo "2467"]
[PlyCount "90"]
[EventDate "2019.09.28"]
[EventType "team-tourn"]
[EventRounds "9"]
[EventCountry "CRO"]
[SourceTitle "EXT 2020"]
[Source "ChessBase"]
[SourceDate "2019.10.17"]
[SourceVersion "1"]
[SourceVersionDate "2019.10.17"]
[SourceQuality "1"]
[WhiteTeam "Bibinje Goran"]
[BlackTeam "Split Brda"]
[WhiteTeamCountry "CRO"]
[BlackTeamCountry "CRO"]

1. d4 d5 2. c4 dxc4 3. e3 e6 4. Bxc4 Nf6 5. Nf3 a6 6. a4 b6 7. 0-0 Bb7 8. Qe2 Bb4 9. Bd3 c5 10. e4 cxd4 11. e5 Bxf3 12. Qxf3 Nd5 13. Qg4 g6 14. Nd2 Nc6 15. Nf3 Qc7 16. Qe4 Bf8 17. Bd2 Bg7 18. Rac1 Qd7 19. h4 0-0 20. h5 Rfc8 21. Rc4 a5 22. Re1 Ndb4 23. Bxb4 Nxb4 24. Rxd4 Qe7 25. Rd6 Rd8 26. Bb5 Rac8 27. Rxb6 gxh5 28. Rb7 Rc7 29. Rxc7 Qxc7 30. Qh4 h6 31. Re4 Rd1+ 32. Kh2 Qc1 33. Rc4 Qb1 34. Qe4 Qxe4 35. Rxe4 Rb1 36. Rc4 Rxb2 37. Kg3 h4+ 38. Rxh4 Rb3 39. Kh2 Nd3 40. Bxd3 Rxd3 41. Re4 Bf8 42. Rg4+ Kh7 43. Rf4 Kg7 44. Rg4+ Kh7 45. Rf4 Kg6 1/2-1/2

[Event "Zadar op-A 25th"]
[Site "Zadar"]
[Date "2018.12.17"]
[Round "4"]
[White "Rezan, Sasa"]
[Black "Martinovic, Sasa"]
[Result "1/2-1/2"]
[WhiteElo "2421"]
[BlackElo "2554"]
[PlyCount "30"]
[EventDate "2018.12.15"]
[EventType "swiss"]
[EventRounds "9"]
[EventCountry "CRO"]
[SourceTitle "CBM 187 Extra"]
[Source "ChessBase"]
[SourceDate "2018.11.04"]
[SourceVersion "1"]
[SourceVersionDate "2018.11.04"]
[SourceQuality "1"]

1. d4 Nf6 2. c4 e6 3. Nf3 d5 4. g3 Bb4+ 5. Bd2 Be7 6. Bg2 0-0 7. 0-0 c6 8. Qc2 Nbd7 9. Rd1 b6 10. Bf4 Bb7 11. Ne5 Nh5 12. Bc1 Nhf6 13. Bf4 Nh5 14. Bc1 Nhf6 15. Bf4 Nh5 1/2-1/2

[Event "Zadar op-A 25th"]
[Site "Zadar"]
[Date "2018.12.16"]
[Round "2"]
[White "Ojas, Kulkarni"]
[Black "Rezan, Sasa"]
[Result "0-1"]
[WhiteElo "2282"]
[BlackElo "2421"]
[PlyCount "218"]
[EventDate "2018.12.15"]
[EventType "swiss"]
[EventRounds "9"]
[EventCountry "CRO"]
[SourceTitle "CBM 187 Extra"]
[Source "ChessBase"]
[SourceDate "2018.11.04"]
[SourceVersion "1"]
[SourceVersionDate "2018.11.04"]
[SourceQuality "1"]

1. c4 e6 2. Nc3 Nf6 3. e4 e5 4. f4 d6 5. Nf3 Nc6 6. Be2 Nh5 7. d4 Nxf4 8. Bxf4 exf4 9. 0-0 g6 10. Qd2 Bg7 11. Rad1 Bg4 12. Qxf4 Bxf3 13. Qxf3 0-0 14. Qe3 a6 15. Nd5 Ne7 16. Bf3 c6 17. Nxe7+ Qxe7 18. Kh1 Rac8 19. b4 c5 20. bxc5 dxc5 21. e5 b5 22. dxc5 Rxc5 23. Rd7 Qxd7 24. Qxc5 Qd3 25. Rc1 Bh6 26. Rd1 Qxc4 27. Qe7 Qxa2 28. h3 Bf4 29. Rd8 Bh6 30. Bd5 Qa1+ 31. Kh2 Bf4+ 32. g3 Qb2+ 33. Bg2 Bh6 34. e6 fxe6 35. Qxe6+ Kh8 36. Rxf8+ Bxf8 37. Qxa6 Qe5 38. Qc8 Kg7 39. Qd7+ Be7 40. Qd5 Qxd5 41. Bxd5 Kf6 42. Kg2 Ke5 43. Bg8 h6 44. Kf3 Bd6 45. Bf7 Kf6 46. Ba2 b4 47. Bg8 Kf5 48. Bb3 Be5 49. Bc2+ Kf6 50. Bb3 Bc3 51. Ke4 Be1 52. Kf3 Ke5 53. Bf7 g5 54. Kg4 Kd4 55. h4 Bd2 56. Kf5 Kc3 57. h5 g4 58. Kxg4 b3 59. Kf3 Kc2 60. g4 Bg5 61. Ke2 b2 62. Bg6+ Kc1 63. Bf5 b1Q 64. Bxb1 Kxb1 65. Kd1 Kb2 66. Ke2 Kc2 67. Kf2 Kd2 68. Kf3 Ke1 69. Kg2 Ke2 70. Kg3 Ke3 71. Kg2 Bf4 72. Kf1 Kf3 73. Ke1 Be3 74. Kd1 Bf4 75. Ke1 Bc7 76. Kd2 Ke4 77. Ke2 Bb6 78. Kd2 Bd4 79. Ke2 Be3 80. Ke1 Kd3 81. Kf1 Bd4 82. Ke1 Ke3 83. Kd1 Bc3 84. Kc2 Ba1 85. Kd1 Kf3 86. Ke1 Bc3+ 87. Kd1 Bb4 88. Kc2 Bc5 89. Kd1 Bd4 90. Ke1 Bb6 91. Kd1 Ba5 92. Kc2 Bc7 93. Kd1 Bf4 94. Ke1 Be3 95. Kd1 Kf2 96. Kc2 Ke2 97. Kb1 Bc5 98. Kc2 Bd4 99. Kc1 Bc3 100. Kc2 Bd2 101. Kb1 Kd3 102. Kb2 Bb4 103. Kb1 Bc3 104. Kc1 Ba5 105. Kb1 Bd2 106. Kb2 Be3 107. Kb1 Kc3 108. Ka2 Bc1 109. Kb1 Bb2 0-1

[Event "CRO-chT1B 27th"]
[Site "Biograd"]
[Date "2018.09.19"]
[Round "5.42"]
[White "Horvath, Adam"]
[Black "Rezan, Sasa"]
[Result "1-0"]
[WhiteElo "2482"]
[BlackElo "2436"]
[PlyCount "65"]
[EventDate "2018.09.15"]
[EventType "team-swiss"]
[EventRounds "9"]
[EventCountry "CRO"]
[SourceTitle "CBM 186 Extra"]
[Source "ChessBase"]
[SourceDate "2018.08.24"]
[SourceVersion "1"]
[SourceVersionDate "2018.08.24"]
[SourceQuality "1"]
[WhiteTeam "Slavonski Brod Dakovic"]
[BlackTeam "Bibinje Goran"]
[WhiteTeamCountry "CRO"]
[BlackTeamCountry "CRO"]

1. e4 c5 2. Nf3 d6 3. d4 cxd4 4. Nxd4 Nf6 5. Nc3 a6 6. h3 e6 7. g4 Nfd7 8. Bg2 Be7 9. Be3 Nc6 10. h4 0-0 11. g5 Nde5 12. Qe2 b5 13. Nxc6 Nxc6 14. f4 Bd7 15. Qf2 Rb8 16. 0-0-0 Qa5 17. Kb1 Rfc8 18. Rh3 Nb4 19. Bd2 Qc7 20. f5 Bf8 21. g6 Be8 22. h5 Nxc2 23. gxh7+ Kh8 24. Kxc2 b4 25. Kb1 bxc3 26. Bxc3 e5 27. h6 gxh6 28. Rg3 Kxh7 29. f6 Bd7 30. Bh3 Bxh3 31. Rxh3 Qd7 32. Qg2 Rxc3 33. Rxc3 1-0

[Event "Zadar op-A 24th"]
[Site "Zadar"]
[Date "2017.12.14"]
[Round "7"]
[White "Rezan, Sasa"]
[Black "Kathmale, Sameer"]
[Result "1-0"]
[WhiteElo "2433"]
[BlackElo "2264"]
[PlyCount "129"]
[EventDate "2017.12.09"]
[EventType "swiss"]
[EventRounds "9"]
[EventCountry "CRO"]
[SourceTitle "CBM 182 Extra"]
[Source "ChessBase"]
[SourceDate "2018.02.23"]
[SourceVersion "1"]
[SourceVersionDate "2018.02.23"]
[SourceQuality "1"]

1. d4 d5 2. Nf3 Nf6 3. c4 c6 4. Nc3 dxc4 5. a4 Bf5 6. e3 e6 7. Bxc4 Bb4 8. 0-0 Nbd7 9. Qe2 0-0 10. e4 Bg6 11. Bd3 h6 12. Bf4 Re8 13. Rfd1 Qe7 14. h3 Ba5 15. Rac1 Rac8 16. Bb1 a6 17. Nd2 Nb6 18. Bc2 Nfd7 19. Nf3 c5 20. dxc5 e5 21. Nxe5 Nxe5 22. cxb6 Bxc3 23. bxc3 Rxc3 24. Bb1 Rxc1 25. Rxc1 Qb4 26. Be3 Nc6 27. Qc4 Qe7 28. f3 Kh7 29. Bf4 Rd8 30. Kh2 Rd4 31. Qc5 Qxc5 32. Rxc5 Rb4 33. Bd3 Rxb6 34. Bc7 Rb2 35. Kg3 Nb4 36. Bf1 Rb1 37. Kf2 Rb2+ 38. Kg1 Rb1 39. g4 f6 40. Kf2 Be8 41. a5 Bb5 42. Bxb5 axb5 43. Ke3 Na6 44. Rc2 b4 45. Bd6 b3 46. Re2 Kg6 47. h4 Rd1 48. h5+ Kf7 49. Rd2 Rc1 50. Ba3 Ra1 51. Bb2 Ra2 52. Bc3 Nc5 53. Rd5 Na4 54. Bd4 b2 55. Rd7+ Ke6 56. Rxb7 Ra3+ 57. Kf4 Ra1 58. Bxb2 Nxb2 59. Rxb2 Rxa5 60. Rb7 Rg5 61. Kg3 g6 62. f4 Ra5 63. hxg6 Ra3+ 64. Kh4 Ra1 65. g7 1-0

[Event "Zadar op-A 24th"]
[Site "Zadar"]
[Date "2017.12.12"]
[Round "5"]
[White "Rezan, Sasa"]
[Black "Krstulovic, Alex"]
[Result "1/2-1/2"]
[WhiteElo "2433"]
[BlackElo "2346"]
[PlyCount "74"]
[EventDate "2017.12.09"]
[EventType "swiss"]
[EventRounds "9"]
[EventCountry "CRO"]
[SourceTitle "CBM 182 Extra"]
[Source "ChessBase"]
[SourceDate "2018.02.23"]
[SourceVersion "1"]
[SourceVersionDate "2018.02.23"]
[SourceQuality "1"]

1. d4 d5 2. Nf3 Nf6 3. c4 c6 4. Nc3 dxc4 5. a4 Bf5 6. e3 e6 7. Bxc4 Bb4 8. 0-0 0-0 9. Qe2 Ne4 10. Bd3 Bxc3 11. bxc3 Nxc3 12. Qc2 Bxd3 13. Qxd3 Nd5 14. Rb1 b6 15. Ba3 Re8 16. Rfc1 a5 17. Ne5 Qc7 18. Qb3 Rc8 19. e4 Nb4 20. Bxb4 axb4 21. Qxb4 c5 22. Qxb6 Qxb6 23. Rxb6 Rxa4 24. Rcb1 Na6 25. d5 exd5 26. exd5 Nb4 27. d6 f6 28. Nc6 Nxc6 29. d7 Rd8 30. Rxc6 Rxd7 31. Rxc5 Rad4 32. g3 R4d5 33. Rxd5 Rxd5 34. Rc1 Kf7 35. Rb1 Kg8 36. Rc1 Kf7 37. Rb1 Kg8 1/2-1/2

[Event "Zadar op-A 24th"]
[Site "Zadar"]
[Date "2017.12.11"]
[Round "4"]
[White "Repka, Christopher"]
[Black "Rezan, Sasa"]
[Result "1/2-1/2"]
[WhiteElo "2487"]
[BlackElo "2433"]
[PlyCount "137"]
[EventDate "2017.12.09"]
[EventType "swiss"]
[EventRounds "9"]
[EventCountry "CRO"]
[SourceTitle "CBM 182 Extra"]
[Source "ChessBase"]
[SourceDate "2018.02.23"]
[SourceVersion "1"]
[SourceVersionDate "2018.02.23"]
[SourceQuality "1"]

1. Nf3 Nf6 2. d4 d5 3. g3 c5 4. Bg2 Nc6 5. 0-0 cxd4 6. Nxd4 e5 7. Nxc6 bxc6 8. c4 Be6 9. Qa4 Qd7 10. Nc3 Rc8 11. Rd1 d4 12. e3 Be7 13. exd4 exd4 14. c5 Bxc5 15. Be3 0-0 16. Bxd4 Bxd4 17. Rxd4 Qc7 18. Qa3 Rfd8 19. Rad1 Rxd4 20. Rxd4 c5 21. Rd1 Qb6 22. Rd2 h5 23. Qa4 a5 24. Qd1 Bg4 25. Qc1 Be6 26. h3 Qb4 27. a3 Qb6 28. Ne2 a4 29. Qc2 Qa5 30. Qc3 Qb6 31. Qf3 Qa5 32. Nc3 Bb3 33. Rd6 Re8 34. Kh2 Qc7 35. Qc6 Qxc6 36. Bxc6 Rb8 37. Kg2 c4 38. Rd4 Bc2 39. Bxa4 Bd3 40. Bb5 Ne4 41. Bxc4 Bxc4 42. Nxe4 Ba6 43. Nc5 Bb5 44. b4 Ra8 45. a4 Bxa4 46. Nxa4 Rxa4 47. Kf3 Ra2 48. b5 Rb2 49. Rd5 g6 50. g4 Rb3+ 51. Ke4 h4 52. f3 Kg7 53. g5 Kf8 54. Kf4 Rb4+ 55. Ke5 Rb3 56. f4 Rxh3 57. Kf6 Re3 58. Rd6 h3 59. b6 Re8 60. f5 h2 61. Rd1 gxf5 62. b7 Re6+ 63. Kxf5 Rb6 64. Rh1 Rxb7 65. Rxh2 Kg7 66. Rg2 Ra7 67. Rh2 Rb7 68. Rg2 Ra7 69. Rh2 1/2-1/2

[Event "Zadar op-A 24th"]
[Site "Zadar"]
[Date "2017.12.10"]
[Round "3"]
[White "Rezan, Sasa"]
[Black "Muha, Miljenko"]
[Result "1-0"]
[WhiteElo "2433"]
[BlackElo "2303"]
[PlyCount "89"]
[EventDate "2017.12.09"]
[EventType "swiss"]
[EventRounds "9"]
[EventCountry "CRO"]
[SourceTitle "CBM 182 Extra"]
[Source "ChessBase"]
[SourceDate "2018.02.23"]
[SourceVersion "1"]
[SourceVersionDate "2018.02.23"]
[SourceQuality "1"]

1. d4 Nf6 2. c4 g6 3. Nc3 d5 4. Nf3 Bg7 5. e3 0-0 6. Bd2 c5 7. dxc5 Na6 8. cxd5 Nxc5 9. Bc4 Nfe4 10. 0-0 Nxc3 11. Bxc3 Bxc3 12. bxc3 Qa5 13. Qd4 Bf5 14. Rfc1 Rac8 15. Nd2 Qc7 16. Bf1 e5 17. Qh4 Bd3 18. c4 f5 19. Bxd3 Nxd3 20. Rc3 e4 21. Rb1 b6 22. Rxd3 exd3 23. Qd4 Qd7 24. Qxd3 Qa4 25. Qb3 Qa5 26. Nf3 b5 27. cxb5 Rc3 28. Qb2 Rfc8 29. h4 Rc2 30. Qe5 Qxa2 31. Rf1 Rc1 32. Qe6+ Kg7 33. Qe7+ Kg8 34. Qe6+ Kg7 35. Rxc1 Rxc1+ 36. Kh2 Qxf2 37. Qe5+ Kg8 38. d6 Rc2 39. Qe8+ Kg7 40. Qe7+ Kg8 41. Qg5 Rd2 42. Nxd2 Qxd2 43. Qd8+ Kg7 44. Qe7+ Kh6 45. d7 1-0

[Event "Zadar op-A 23rd"]
[Site "Zadar"]
[Date "2016.12.16"]
[Round "8"]
[White "Rezan, Sasa"]
[Black "Mencinger, Vojko"]
[Result "1-0"]
[WhiteElo "2437"]
[BlackElo "2356"]
[PlyCount "89"]
[EventDate "2016.12.11"]
[EventType "swiss"]
[EventRounds "9"]
[EventCountry "CRO"]
[SourceTitle "CBM 176 Extra"]
[Source "ChessBase"]
[SourceDate "2017.03.02"]
[SourceVersion "1"]
[SourceVersionDate "2017.03.02"]
[SourceQuality "1"]

1. d4 Nf6 2. c4 e6 3. Nf3 b6 4. a3 Bb7 5. Nc3 d5 6. Bg5 Be7 7. e3 0-0 8. Rc1 dxc4 9. Bxc4 Nbd7 10. 0-0 c5 11. Qe2 h6 12. Bh4 Ne4 13. Bg3 Nxc3 14. Rxc3 cxd4 15. Nxd4 Nc5 16. Rd1 Ne4 17. Nxe6 Nxc3 18. bxc3 Qc8 19. Nxf8 Bxf8 20. Qa2 Kh8 21. a4 Qc6 22. Bd5 Rd8 23. c4 Ba6 24. Ra1 Qf6 25. h3 Bc5 26. Rb1 Bc8 27. a5 Qg6 28. axb6 axb6 29. Re1 Be6 30. Kh2 Bxd5 31. cxd5 Bd6 32. e4 Bxg3+ 33. fxg3 Qd6 34. Qf2 Qb4 35. Re2 f6 36. Qf4 Qc4 37. Re1 Rc8 38. Qf5 Ra8 39. Rd1 Ra2 40. Qf3 Ra7 41. Qf4 Rc7 42. e5 fxe5 43. Qf8+ Kh7 44. d6 Rf7 45. Qxf7 1-0

[Event "Zadar op-A 23rd"]
[Site "Zadar"]
[Date "2016.12.14"]
[Round "6"]
[White "Rezan, Sasa"]
[Black "Xiang, Zeyu"]
[Result "0-1"]
[WhiteElo "2437"]
[BlackElo "2310"]
[PlyCount "194"]
[EventDate "2016.12.11"]
[EventType "swiss"]
[EventRounds "9"]
[EventCountry "CRO"]
[SourceTitle "CBM 176 Extra"]
[Source "ChessBase"]
[SourceDate "2017.03.02"]
[SourceVersion "1"]
[SourceVersionDate "2017.03.02"]
[SourceQuality "1"]

1. d4 d5 2. Nf3 Nf6 3. c4 c6 4. Nc3 e6 5. Bg5 Nbd7 6. cxd5 exd5 7. e3 Be7 8. Qc2 0-0 9. Bd3 Re8 10. h3 c5 11. dxc5 Nxc5 12. 0-0 h6 13. Bxf6 Bxf6 14. Rfd1 Bxc3 15. Qxc3 Qb6 16. Qd4 Be6 17. Rac1 Rac8 18. Rc3 Nd7 19. Rdc1 Rxc3 20. Qxc3 Nf6 21. Nd4 Bd7 22. Qb3 Qxb3 23. axb3 Rc8 24. Rxc8+ Bxc8 25. Nb5 Bd7 26. Nxa7 Ne4 27. Bb5 Bf5 28. Ba4 Nd6 29. Nb5 Nxb5 30. Bxb5 Kf8 31. Kf1 Ke7 32. Ke2 Be4 33. f3 Bc2 34. b4 Bf5 35. g4 Bc8 36. Kd3 Kd6 37. Kd4 b6 38. Ba4 Bb7 39. h4 g5 40. h5 f6 41. Bc2 Ba6 42. Bb3 Bb7 43. b5 Ba8 44. Bc2 Bb7 45. Bh7 Ke6 46. Bg8+ Kd6 47. Bf7 Ba8 48. Be8 Bb7 49. Bc6 Bc8 50. Bxd5 Bd7 51. Bc4 Bc8 52. Be2 Bd7 53. Bd3 Be8 54. f4 Bd7 55. f5 Be8 56. Bc4 Bd7 57. e4 Be8 58. b3 Bd7 59. b4 Be8 60. Bd3 Bd7 61. Bc4 Be8 62. Bf1 Bd7 63. Bc4 Be8 64. e5+ fxe5+ 65. Ke4 Bd7 66. Be2 Bc8 67. Bc4 Bb7+ 68. Ke3 Bc8 69. Be2 Bd7 70. Ke4 Bc8 71. Bc4 Bb7+ 72. Ke3 Bc8 73. Bf1 Bd7 74. Be2 Bc8 75. Bf3 Ke7 76. Bc6 Kf7 77. Ke4 Kf6 78. Ke3 Kf7 79. Kd3 Ke7 80. Kc4 Kf6 81. Kd3 Ke7 82. Ke2 Kf6 83. Kf2 Kf7 84. Kf3 Ke7 85. Ke4 Kf6 86. Kd3 Ke7 87. Kc4 Kf6 88. Be4 Bd7 89. Bd3 Bc8 90. Kd5 Bb7+ 91. Kd6 Bf3 92. Kc7 e4 93. Bc4 e3 94. Kxb6 e2 95. Bxe2 Bxe2 96. Ka5 Bxg4 97. b6 Bf3 0-1

[Event "CRO-chT1B 25th"]
[Site "Sibenik"]
[Date "2016.10.16"]
[Round "9.3"]
[White "Bosiocic, Marin"]
[Black "Rezan, Sasa"]
[Result "1/2-1/2"]
[WhiteElo "2607"]
[BlackElo "2443"]
[PlyCount "45"]
[EventDate "2016.10.08"]
[EventType "team-tourn"]
[EventRounds "9"]
[EventCountry "CRO"]
[SourceTitle "EXT 2017"]
[Source "ChessBase"]
[SourceDate "2016.10.25"]
[SourceVersion "1"]
[SourceVersionDate "2016.10.25"]
[SourceQuality "1"]
[WhiteTeam "Rijeka Rijeka"]
[BlackTeam "Bibinje Goran"]
[WhiteTeamCountry "CRO"]
[BlackTeamCountry "CRO"]

1. e4 c5 2. Nf3 e6 3. d4 cxd4 4. Nxd4 Nf6 5. Nc3 d6 6. g4 e5 7. Bb5+ Bd7 8. Bxd7+ Qxd7 9. Nf5 h5 10. g5 Nxe4 11. Nxg7+ Bxg7 12. Nxe4 d5 13. Nc3 e4 14. Nxd5 Nc6 15. Nf6+ Bxf6 16. Qxd7+ Kxd7 17. gxf6 Ke6 18. Be3 Kxf6 19. 0-0-0 Rad8 20. Rhg1 Ke6 21. Rg3 Rxd1+ 22. Kxd1 Rd8+ 23. Ke2 1/2-1/2

[Event "CRO-chT1B 25th"]
[Site "Sibenik"]
[Date "2016.10.14"]
[Round "7.2"]
[White "Popovic, Dusan"]
[Black "Rezan, Sasa"]
[Result "1/2-1/2"]
[WhiteElo "2531"]
[BlackElo "2443"]
[PlyCount "60"]
[EventDate "2016.10.08"]
[EventType "team-tourn"]
[EventRounds "9"]
[EventCountry "CRO"]
[SourceTitle "EXT 2017"]
[Source "ChessBase"]
[SourceDate "2016.10.25"]
[SourceVersion "1"]
[SourceVersionDate "2016.10.25"]
[SourceQuality "1"]
[WhiteTeam "Djakovo"]
[BlackTeam "Bibinje Goran"]
[WhiteTeamCountry "CRO"]
[BlackTeamCountry "CRO"]

1. e4 c5 2. Nc3 e6 3. Nf3 a6 4. g3 b5 5. Bg2 Bb7 6. d3 d6 7. 0-0 Nd7 8. Ng5 Be7 9. f4 Bxg5 10. fxg5 Ne7 11. Ne2 d5 12. Nf4 dxe4 13. dxe4 Ne5 14. Qe2 0-0 15. Be3 Qc7 16. Nd3 Nd7 17. Qf2 Rac8 18. Rad1 Ng6 19. Qe2 Rfd8 20. Nf2 Nde5 21. b3 b4 22. h4 Nc6 23. h5 Nf8 24. Qg4 Nd4 25. Rd2 a5 26. h6 g6 27. Qh4 Ba6 28. Re1 e5 29. Ng4 Nd7 30. Rf2 Qd6 1/2-1/2